000 01194nmm a2200349 a 4500
001 ocm0002347849
003 TR-IsHL
005 20201028190056.0
008 191225s2019 tu tur
007 cr cn
020 _a9786055201135
035 _a2347849
_b(N$T)
050 0 4 _aTR897.7
_b.S86 2019
090 0 4 _aTR897.7
_b.S86 2019
100 1 _aSümen, Ali Murat
245 1 0 _a3D Studio Max iç ve dış mekan modelleme
_h[electronic resource] /
_cAli Murat Sümen ; yayına hazırlık Merve Nur Şengül ; ditörler İrem Soylu, Gizem Aksan
250 _a5. Baskı
260 _aİstanbul :
_bKODLAB Yayın Dağıtım,
_c2019
300 _a262 p.
650 4 _aMühendislik ve Teknoloji
650 4 _aEngineering and Technology
650 0 _aBilgisayar grafikleri
650 0 _aComputer graphics
650 0 _aBilgisayar animasyonu
650 0 _aComputer animation
650 7 _aCOMPUTERS / Design, Graphics & Media / Video & Animation
_2bisacsh
700 1 _aŞengül, Merve Nur
700 1 _aSoylu, İrem
700 1 _aAksan, Gizem
700 1 _a
856 4 0 _uhttp://search.ebscohost.com/login.aspx?direct=true&scope=site&db=e011xww&AN=2347849
999 _c21752
_d21752